Entry Personal Name
Number of records used in: 1
001 - CONTROL NUMBER
003 - CONTROL NUMBER IDENTIFIER
005 - DATE AND TIME OF LATEST TRANSACTION
- control field:
20230819120510.0
008 - FIXED-LENGTH DATA ELEMENTS
- fixed length control field:
820708n| acannaab| |n aaa |||
010 ## - LIBRARY OF CONGRESS CONTROL NUMBER
- LC control number:
n 82091139
040 ## - CATALOGING SOURCE
- Original cataloging agency:
DLC
- Transcribing agency:
DLC
100 10 - HEADING--PERSONAL NAME
- Personal name:
Hunger, J. David,
- Dates associated with a name:
1941-
670 ## - SOURCE DATA FOUND
- Source citation:
Wheelen, T. L. Strategic management and business policy, 1983 (a.e.)
- Information found:
CIP t.p. (J. David Hunger, Ph.D.; prof. of management, McIntire Sch. of Commerce, Univ. of Va.) CIP data sheet (b. 5/17/41)